000 00337 a2200157 4500
001 57222
020 _a8516035980
040 _cAnchieta - Pituba
100 _aCarrasco, Walcyr
240 1 0 _aA corrente da vida
_lpor
245 1 0 _aA corrente da vida
300 _a104
362 0 _a2003
650 4 _aLiteratura juvenil
942 _cBK
999 _c57222
_d57222